| 000 | 00352nam a2200145Ia 4500 | ||
|---|---|---|---|
| 008 | 230917s9999||||xx |||||||||||||| ||und|| | ||
| 040 |
_e154459 _aMAIN |
||
| 041 | _aEnglish | ||
| 082 | _a294.6 G537G:G | ||
| 100 | _aGoyal Jai Bhagwan | ||
| 245 | 0 | _aGuru Shobha | |
| 260 |
_aChandigarh _bPublication Bureau _c[n.d.] |
||
| 300 | _a109 p. | ||
| 942 | _cBK | ||
| 999 |
_c192224 _d192224 |
||